[Event "European Blitz 2017"]
[Site "Katowice POL"]
[Date "2017.12.15"]
[Round "10.53"]
[White "Swicarz, Maciej"]
[Black "Fedorchuk, Sergey A."]
[Result "0-1"]
[BlackTitle "GM"]
[WhiteElo "2378"]
[BlackElo "2648"]
[WhiteFideId "1113585"]
[BlackFideId "14102536"]
[EventDate "2017.12.15"]
[EventType "blitz"]

1. e4 c5 2. Nf3 e6 3. c4 b6 4. Nc3 Bb7 5. d4 cxd4 6. Nxd4 Nf6 7. Bd3 d6 8. O-O
a6 9. Re1 Be7 10. f3 O-O 11. Be3 Nc6 12. Nc2 Rc8 13. Rc1 Ne5 14. Qe2 Nxd3 15.
Qxd3 Nd7 16. b3 Qc7 17. Nd4 Rfe8 18. Kh1 Ne5 19. Qe2 Bf6 20. Red1 Qb8 21. Qf2
Ba8 22. Nde2 b5 23. Ba7 Qb7 24. cxb5 axb5 25. Rxd6 b4 26. Na4 Rxc1+ 27. Nxc1 Qc7
28. Rd1 h5 29. Bc5 Bc6 30. Bxb4 Bxa4 31. bxa4 Qc4 32. a3 Nc6 33. Qe2 Ne5 34.
Qxc4 Nxc4 35. Ne2 Nb2 36. Rd2 Nxa4 37. g3 Ra8 38. Nf4 g6 39. Nd3 Nb6 40. Nc5 Nc4
41. Rc2 Ne5 42. Kg2 Be7 43. f4 Ng4 44. Kf3 Rd8 45. h3 Nf6 46. Ke3 Rc8 47. a4 Nd7
48. Nxd7 Rxc2 49. Bxe7 Rc7 50. Nf6+ Kh8 51. Bd6 Ra7 52. Be5 Rxa4 53. Nxh5+ Kg8
54. Nf6+ Kf8 55. Kf3 Ke7 56. Kg4 Ra2 57. h4 Ra3 58. Bd4 Ra4 59. Be5 Ra3 60. Ng8+
Ke8 61. Nf6+ Ke7 62. Nh7 f5+ 63. exf5 exf5+ 64. Kh3 Ra2 65. Bd4 Rd2 66. Be5 Re2
67. Ng5 Ra2 68. Nf3 Rf2 69. Nd4 Ra2 70. h5 gxh5 71. Nxf5+ Kf7 72. Kh4 Kg6 73.
Ne7+ Kf7 74. Nd5 Kg6 75. Kh3 Kf5 76. Ne3+ Kg6 77. Ng2 Kf5 78. Nh4+ Ke4 79. Bf6
Ra6 80. Bg5 Ra1 81. Ng6 Kf5 82. Nh4+ Ke4 83. Kh2 Ra2+ 84. Ng2 Kf3 85. Bh4 Rf2 0-1

[Event "European Blitz 2017"]
[Site "Katowice POL"]
[Date "2017.12.15"]
[Round "10.55"]
[White "Kowalczyk, Rafal"]
[Black "Pena Gomez, Manuel"]
[Result "0-1"]
[BlackTitle "IM"]
[WhiteElo "2223"]
[BlackElo "2491"]
[WhiteFideId "1133853"]
[BlackFideId "2252813"]
[EventDate "2017.12.15"]
[EventType "blitz"]

1. e4 c5 2. c3 Nf6 3. e5 Nd5 4. Nf3 e6 5. d4 cxd4 6. cxd4 Nc6 7. Nc3 Nb6 8. Nb5
d5 9. Bg5 f6 10. Bh4 Bb4+ 11. Nc3 O-O 12. Bd3 Nc4 13. Qc2 h6 14. exf6 gxf6 15.
Bh7+ Kh8 16. Qg6 Qe7 17. Qxh6 Qxh7 18. Bxf6+ Rxf6 19. Qxf6+ Qg7 20. Qh4+ Kg8 21.
O-O Bd7 22. Ne2 Nd2 23. Nxd2 Bxd2 24. Rad1 Bg5 25. Qh5 Rf8 26. Rd3 Rf5 27. Rg3
Kf8 28. h4 Be8 29. Qg4 Bf6 30. Qh3 Qh6 31. Rf3 Rxf3 32. Qxf3 Qxh4 33. Nf4 Nxd4
34. Qe3 Qxf4 0-1

[Event "European Blitz 2017"]
[Site "Katowice POL"]
[Date "2017.12.15"]
[Round "10.56"]
[White "Kredl, Karel"]
[Black "Sammalvuo, Tapani"]
[Result "0-1"]
[BlackTitle "IM"]
[WhiteElo "2150"]
[BlackElo "2416"]
[WhiteFideId "315893"]
[BlackFideId "501115"]
[EventDate "2017.12.15"]
[EventType "blitz"]

1. Nf3 Nf6 2. d4 e6 3. c4 b6 4. g3 Ba6 5. Qa4 Bb7 6. Bg2 c5 7. dxc5 bxc5 8. O-O
Be7 9. Nc3 O-O 10. Rd1 Qb6 11. Qb5 Bc6 12. Qxb6 axb6 13. Bf4 Rc8 14. Bd6 Kf8 15.
Ne5 Bxg2 16. Kxg2 Nc6 17. Bxe7+ Kxe7 18. e3 Nxe5 0-1

[Event "European Blitz 2017"]
[Site "Katowice POL"]
[Date "2017.12.15"]
[Round "10.57"]
[White "Skliarov, Viktor"]
[Black "Klabis, Rokas"]
[Result "0-1"]
[WhiteTitle "IM"]
[BlackTitle "FM"]
[WhiteElo "2353"]
[BlackElo "2366"]
[WhiteFideId "14106736"]
[BlackFideId "12805246"]
[EventDate "2017.12.15"]
[EventType "blitz"]

1. e4 e5 2. Nc3 Nc6 3. Bc4 Nf6 4. d3 Be7 5. a3 a6 6. Nge2 b5 7. Ba2 Bb7 8. O-O
O-O 9. h3 Nd4 10. Nxd4 exd4 11. Ne2 c5 12. Ng3 d5 13. e5 Ne8 14. f4 f6 15. Bd2
Nc7 16. Qe2 fxe5 17. fxe5 Qd7 18. Rxf8+ Rxf8 19. Rf1 Rxf1+ 20. Qxf1 Qe6 21. Qf4
g6 22. Ne4 Qf7 23. Qh6 Qg7 24. Qf4 Ne6 25. Qg3 Bc6 26. Nd6 Qf8 27. c3 dxc3 28.
bxc3 Ng7 29. Bh6 c4 30. dxc4 dxc4 31. Bb1 Qd8 32. Kh2 Nh5 33. Qe3 Bxd6 34. exd6
Qxd6+ 35. g3 Qd5 36. Kg1 Qg2# 0-1

[Event "European Blitz 2017"]
[Site "Katowice POL"]
[Date "2017.12.15"]
[Round "10.58"]
[White "Luch, Michal"]
[Black "Kastelik, Adrian"]
[Result "1/2-1/2"]
[WhiteTitle "IM"]
[WhiteElo "2398"]
[BlackElo "2176"]
[WhiteFideId "1120042"]
[BlackFideId "1134701"]
[EventDate "2017.12.15"]
[EventType "blitz"]

1. d4 d5 2. c4 c6 3. Nf3 Nf6 4. Qc2 dxc4 5. Qxc4 Bf5 6. g3 Qd5 7. Nbd2 Ne4 8.
Bg2 Nxd2 9. Qxd5 cxd5 10. Nxd2 e6 11. e4 dxe4 12. Nxe4 Nc6 13. Be3 Bb4+ 14. Ke2
Rd8 15. Rhd1 O-O 16. Nc5 Bxc5 17. dxc5 Bc2 18. Rxd8 Rxd8 19. a3 Bb3 20. Rc1 e5
21. Rc3 Bd1+ 22. Ke1 Bh5 23. f3 f5 24. b4 a6 25. h3 Bf7 26. Bf1 Bd5 27. Kf2 Kf7
28. Rc1 Ke6 29. Rd1 Bb3 30. Rxd8 Nxd8 31. Ke1 Kd5 32. Kd2 Bc4 33. Bg2 Ne6 34.
f4+ e4 35. Kc3 h5 36. a4 a5 37. bxa5 Nxc5 38. Bxc5 Kxc5 39. g4 hxg4 40. hxg4 g6
41. gxf5 gxf5 42. Bh3 Be6 43. Bf1 Bd7 44. Bh3 Bc8 45. Bf1 Be6 46. Bg2 Bd7 47.
Bh3 Kd5 48. Bf1 Bxa4 49. a6 bxa6 50. Bxa6 Bd1 51. Kd2 Bg4 52. Ke3 Ke6 53. Bc8+
Kf6 54. Bb7 Bf3 55. Bc6 1/2-1/2

[Event "European Blitz 2017"]
[Site "Katowice POL"]
[Date "2017.12.15"]
[Round "10.59"]
[White "Kanarek, Marcel"]
[Black "Mucha, Piotr"]
[Result "1-0"]
[WhiteTitle "GM"]
[WhiteElo "2505"]
[BlackElo "2165"]
[WhiteFideId "1126822"]
[BlackFideId "1164163"]
[EventDate "2017.12.15"]
[EventType "blitz"]

1. e4 e6 2. d4 d5 3. Nc3 Bb4 4. e5 c5 5. a3 Bxc3+ 6. bxc3 Ne7 7. h4 b6 8. h5 h6
9. Bb5+ Bd7 10. Bd3 Ba4 11. Qg4 c4 12. Be2 Nf5 13. Ra2 Nc6 14. Qf4 Qd7 15. Rh3
O-O-O 16. g4 Nfe7 17. Qxf7 Rdf8 18. Qxg7 Nd8 19. Bxh6 Rhg8 20. Qxf8 Rxf8 21.
Bxf8 Qb5 22. Bxe7 Qb1+ 23. Bd1 Qxa2 24. Kd2 Nf7 25. h6 Qb2 26. h7 Qb5 27. Bf6
Qd7 1-0

[Event "European Blitz 2017"]
[Site "Katowice POL"]
[Date "2017.12.15"]
[Round "10.60"]
[White "Miezis, Normunds"]
[Black "Herman, Jean"]
[Result "1-0"]
[WhiteTitle "GM"]
[WhiteElo "2434"]
[BlackElo "2255"]
[WhiteFideId "11600136"]
[BlackFideId "263036"]
[EventDate "2017.12.15"]
[EventType "blitz"]

1. d4 Nf6 2. Nf3 e6 3. c4 Bb4+ 4. Bd2 a5 5. g3 d5 6. Bg2 O-O 7. O-O dxc4 8. Qc2
b5 9. a4 c6 10. Ne5 Ra6 11. Bc3 Bxc3 12. bxc3 Rb6 13. axb5 cxb5 14. Rxa5 Bb7 15.
Bxb7 Rxb7 16. Ra8 Qd5 17. Nd2 b4 18. Ndxc4 bxc3 19. Qxc3 Ne4 20. Qd3 Rd8 21. Rd1
Rb4 22. Ra5 Qb7 23. Rda1 f6 24. Nf3 Nc6 25. Ra6 Nc5 26. Qe3 Nxa6 27. Qxe6+ Kh8
28. Nd6 Qd7 29. Nf7+ Kg8 30. Nxd8+ Qxe6 31. Nxe6 Rb6 32. d5 Ncb4 33. Nfd4 Nxd5
34. e4 Nc3 35. Rc1 Nb5 36. Nxb5 Rxb5 37. Nf4 Kf7 38. Rd1 Rb7 39. Kg2 Re7 40. f3
Nc5 41. Nd5 Rd7 42. Ne3 Ra7 43. Rd2 Ra3 44. Nf5 Ra7 45. Nd6+ Ke6 46. Nf5 g6 47.
Ne3 Nb3 48. Rb2 Nd4 49. Nd5 Ra6 50. Rd2 Ra4 51. Nf4+ Kf7 52. Rb2 Rc4 53. Rb7+
Kg8 54. Nd5 Rc2+ 55. Kh3 Nxf3 56. Nxf6+ Kf8 57. Nxh7+ Ke8 58. Kg4 Nxh2+ 59. Kg5
Rc6 60. Nf6+ Kd8 61. e5 Nf3+ 62. Kf4 Nd4 63. Ra7 Ne6+ 64. Ke4 Rc5 65. Rh7 Ng5+
66. Kd4 Nxh7 67. Kxc5 Ng5 68. Kd5 Ke7 69. Ne4 Ne6 70. Nc5 Nc7+ 71. Ke4 Nb5 72.
Kf4 Nd4 73. Kg5 Nf3+ 74. Kf4 Nd4 75. Kg5 Nf3+ 76. Kxg6 Nxe5+ 77. Kf5 Nc4 1-0

[Event "European Blitz 2017"]
[Site "Katowice POL"]
[Date "2017.12.15"]
[Round "10.62"]
[White "Kiratzopoulos, Efthimios"]
[Black "Polivanov, Anatoliy"]
[Result "0-1"]
[BlackTitle "IM"]
[WhiteElo "2204"]
[BlackElo "2383"]
[WhiteFideId "4207629"]
[BlackFideId "14109468"]
[EventDate "2017.12.15"]
[EventType "blitz"]

1. d4 Nf6 2. Nf3 e6 3. Bg5 h6 4. Bxf6 Qxf6 5. e4 d6 6. Nc3 Nd7 7. Qd2 g6 8. Nb5
Qd8 9. Qc3 c6 10. d5 Rg8 11. dxc6 Nc5 12. O-O-O bxc6 13. Nbd4 Bd7 14. Bd3 Bg7
15. Qc4 Qb6 16. c3 Rb8 17. Nb3 Nxb3+ 18. axb3 d5 19. Qa4 Qxb3 20. Qxb3 Rxb3 21.
Kc2 Rb7 22. Ra1 Ke7 23. Ra6 Rgb8 24. b4 c5 25. exd5 cxb4 26. c4 exd5 27. Re1+
Kf8 28. Kb3 dxc4+ 29. Bxc4 Rc7 30. Ne5 Bb5 31. Bxb5 Rxb5 32. Nc4 Rbc5 33. Re4 f5
34. Rh4 g5 0-1

[Event "European Blitz 2017"]
[Site "Katowice POL"]
[Date "2017.12.15"]
[Round "10.63"]
[White "Cieslar, Michal"]
[Black "Sieciechowicz, Marcin"]
[Result "1-0"]
[BlackTitle "IM"]
[WhiteElo "2032"]
[BlackElo "2387"]
[WhiteFideId "1141066"]
[BlackFideId "1130170"]
[EventDate "2017.12.15"]
[EventType "blitz"]

1. e4 e6 2. d3 d5 3. Nd2 Nf6 4. g3 dxe4 5. dxe4 b6 6. Bg2 Bb7 7. Ne2 Be7 8. O-O
O-O 9. e5 Bxg2 10. exf6 Bxf1 11. fxe7 Qxe7 12. Qxf1 c5 13. Qg2 Na6 14. a3 Rad8
15. Nc3 Nc7 16. Nf3 Nd5 17. Bd2 Nxc3 18. Bxc3 Rd5 19. h3 Rfd8 20. Re1 h6 21. Ne5
Qc7 22. Qe4 Rd1 23. Rxd1 Rxd1+ 24. Kh2 Qd6 25. Nd3 Qd5 26. Qg2 c4 27. Nb4 Qxg2+
28. Kxg2 a5 29. Nc6 Rc1 30. Ne5 b5 31. Bxa5 Rxc2 32. Bc3 f6 33. Nc6 e5 34. Na7
e4 35. Kf1 Rc1+ 36. Ke2 Kf7 37. Nxb5 Ke6 38. a4 Ra1 39. a5 Kd5 40. Na3 Kc5 41.
b4+ 1-0

[Event "European Blitz 2017"]
[Site "Katowice POL"]
[Date "2017.12.15"]
[Round "10.64"]
[White "Saraci, Nderim"]
[Black "Stachanczyk, Jacek"]
[Result "1-0"]
[WhiteTitle "FM"]
[BlackTitle "IM"]
[WhiteElo "2398"]
[BlackElo "2209"]
[WhiteFideId "6351921"]
[BlackFideId "1116657"]
[EventDate "2017.12.15"]
[EventType "blitz"]

1. Nf3 d5 2. g3 c6 3. Bg2 Bg4 4. c4 Nd7 5. cxd5 cxd5 6. O-O e6 7. Nc3 Ngf6 8. d3
Be7 9. Bf4 O-O 10. Rc1 Rc8 11. a3 Qa5 12. h3 Bh5 13. Qb3 Nc5 14. Qb5 Qxb5 15.
Nxb5 Nb3 16. Rc3 Rxc3 17. bxc3 a6 18. Rb1 Nc5 19. Nbd4 Rc8 20. g4 Bg6 21. Ne5 b5
22. Nec6 Bf8 23. Nb4 Nfd7 24. Bd2 Ra8 25. f4 f6 26. Nxe6 Nxe6 27. Bxd5 Re8 28.
f5 Bf7 29. fxe6 Bxe6 30. Bc6 Bxb4 31. axb4 Rc8 32. Bb7 Re8 33. Bxa6 Ra8 34. Bxb5
Ra2 35. Rd1 Bb3 36. Bxd7 1-0

[Event "European Blitz 2017"]
[Site "Katowice POL"]
[Date "2017.12.15"]
[Round "10.65"]
[White "Reichmann, Hendrik"]
[Black "Montilla Carrillo, Esteban"]
[Result "1-0"]
[WhiteTitle "FM"]
[BlackTitle "FM"]
[WhiteElo "2337"]
[BlackElo "2233"]
[WhiteFideId "4647823"]
[BlackFideId "2208261"]
[EventDate "2017.12.15"]
[EventType "blitz"]

1. d4 Nf6 2. Bf4 d5 3. e3 Bf5 4. c4 c6 5. Nc3 e6 6. Qb3 Qb6 7. c5 Qxb3 8. axb3
Nh5 9. Bc7 Nd7 10. h3 Nhf6 11. b4 Rc8 12. Bh2 a6 13. Nf3 h6 14. Nd2 Be7 15. Nb3
Ne4 16. Na5 e5 17. dxe5 b5 18. Nb7 O-O 19. f3 Nxc3 20. bxc3 Ra8 21. Na5 Rfc8 22.
g4 Bh7 23. Kd2 f6 24. exf6 Bxf6 25. f4 Kf8 26. Rg1 g5 27. Bd3 Bxd3 28. Kxd3 Ke7
29. Rae1 Kf7 30. Rgf1 Kg7 31. Bg3 Nf8 32. f5 Nd7 33. e4 dxe4+ 34. Rxe4 Rd8 35.
Kc2 Rac8 36. Nb7 Re8 37. Rfe1 Rxe4 38. Rxe4 Kf8 39. Re6 Re8 40. Rxc6 Re3 41.
Bd6+ Kf7 42. Rxa6 Rxc3+ 43. Kd2 Rxh3 44. c6 Ne5 45. c7 Nc4+ 46. Ke2 Re3+ 47. Kf2
Re8 48. Nd8+ 1-0

[Event "European Blitz 2017"]
[Site "Katowice POL"]
[Date "2017.12.15"]
[Round "10.66"]
[White "Pavlidou, Ekaterini"]
[Black "Lubczynski, Rafal"]
[Result "0-1"]
[WhiteTitle "WIM"]
[BlackTitle "IM"]
[WhiteElo "2196"]
[BlackElo "2429"]
[WhiteFideId "4213262"]
[BlackFideId "1126091"]
[EventDate "2017.12.15"]
[EventType "blitz"]

1. Nf3 Nf6 2. c4 c6 3. g3 d5 4. Bg2 Bf5 5. b3 e6 6. Bb2 Be7 7. O-O O-O 8. d3 a5
9. Nbd2 a4 10. Re1 Na6 11. e4 dxe4 12. dxe4 Bg6 13. Qe2 Nb4 14. e5 Nd7 15. Ne4
Nc5 16. Nxc5 Bxc5 17. Rad1 Nd3 18. Rf1 axb3 19. Nh4 Rxa2 20. Nxg6 Rxb2 21. Rxd3
Rxe2 22. Rxd8 Rxd8 23. Nf4 Rxf2 24. Rxf2 Rd2 25. Nh3 Rd1+ 26. Bf1 b2 0-1

[Event "European Blitz 2017"]
[Site "Katowice POL"]
[Date "2017.12.15"]
[Round "10.67"]
[White "Bartel, Michal"]
[Black "Stanisz, Patryk"]
[Result "1-0"]
[WhiteTitle "FM"]
[WhiteElo "2360"]
[BlackElo "2150"]
[WhiteFideId "1119257"]
[BlackFideId "1123106"]
[EventDate "2017.12.15"]
[EventType "blitz"]

1. e4 c5 2. Ne2 Nc6 3. g3 d6 4. Bg2 g6 5. c3 Bg7 6. d4 cxd4 7. cxd4 Rb8 8. O-O
Nf6 9. h3 O-O 10. Be3 a6 11. Nbc3 Nd7 12. Qd2 Re8 13. Rac1 e6 14. b3 Ne7 15. g4
b5 16. f4 f5 17. d5 e5 18. fxe5 Bxe5 19. gxf5 gxf5 20. Nd4 Nf6 21. exf5 Kh8 22.
Ne6 Bxe6 23. dxe6 Rg8 24. Bd4 Qf8 25. Rce1 Rd8 26. Qe3 Bg3 27. Re2 Qg7 28. Ne4
Bh4 29. Kh1 Ned5 30. Qd2 h5 31. Bf3 Kh7 32. Rg2 Qe7 33. Nxf6+ Nxf6 34. Bxf6 Bxf6
35. Bxh5 Rxg2 36. Qxg2 Rg8 37. Bg6+ Kh8 38. Qg4 Kg7 39. Bf7+ Kh6 40. Qxg8 Qb7+
41. Qg2 Qb6 42. Qg6# 1-0

[Event "European Blitz 2017"]
[Site "Katowice POL"]
[Date "2017.12.15"]
[Round "10.68"]
[White "Boe, Mads"]
[Black "Balazs, Ladislav"]
[Result "0-1"]
[WhiteTitle "FM"]
[WhiteElo "2292"]
[BlackElo "2110"]
[WhiteFideId "1401408"]
[BlackFideId "14931265"]
[EventDate "2017.12.15"]
[EventType "blitz"]

1. d4 Nf6 2. Nf3 c5 3. c3 d5 4. Bf4 Nc6 5. e3 e6 6. Bd3 Nh5 7. Bg5 Be7 8. Bxe7
Qxe7 9. Ne5 Nf6 10. f4 cxd4 11. cxd4 Bd7 12. Nc3 a6 13. Rc1 O-O 14. O-O b5 15.
Ne2 Nb4 16. Bb1 Rfc8 17. a3 Nc6 18. Nd3 Na5 19. Ba2 Nc4 20. Bxc4 dxc4 21. Nc5
Bc6 22. Nc3 a5 23. Qe2 Rd8 24. a4 b4 25. Nb5 Bxb5 26. axb5 Nd5 27. Rxc4 Rdb8 28.
Rcc1 a4 29. e4 Nc7 30. Na6 Nxa6 31. bxa6 Qd6 32. f5 Qxd4+ 33. Kh1 exf5 34. exf5
Qf6 35. Rc7 Qxa6 36. Qxa6 Rxa6 37. g4 a3 38. bxa3 bxa3 39. Re1 0-1

[Event "European Blitz 2017"]
[Site "Katowice POL"]
[Date "2017.12.15"]
[Round "10.69"]
[White "Heinzel, Olaf"]
[Black "Strejczek, Dariusz"]
[Result "1-0"]
[WhiteTitle "IM"]
[WhiteElo "2360"]
[BlackElo "2149"]
[WhiteFideId "4626664"]
[BlackFideId "1122142"]
[EventDate "2017.12.15"]
[EventType "blitz"]

1. d4 Nf6 2. Bf4 d6 3. e3 g6 4. Be2 Bg7 5. h4 Nbd7 6. Nf3 c5 7. c3 Qb6 8. Qb3
Qc7 9. Ng5 O-O 10. h5 e5 11. dxe5 dxe5 12. Bg3 Nb6 13. hxg6 hxg6 14. Nd2 Bf5 15.
e4 Bd7 16. a4 a5 17. Ndf3 Nh5 18. Rxh5 gxh5 19. Bb5 c4 20. Qd1 Bg4 21. Qc2 Rad8
22. Nh4 f6 23. Ngf3 Bh6 24. b3 Kh7 25. Rb1 Rf7 26. Qb2 Qc5 27. Qa2 Rd3 28. bxc4
Rxc3 29. Kf1 Ra3 30. Qc2 Rf8 31. Kg1 Rg8 32. Kh2 Rd8 33. Rd1 Qe7 34. c5 Rxd1 35.
Qxd1 Qxc5 36. Qd8 Nxa4 37. Be8 Qf8 38. Qc7+ Qg7 39. Qd6 Ra2 40. Nf5 Bxf5 41.
exf5 e4 42. Bg6+ Kh8 43. Nd4 Nc3 44. Ne6 Qg8 45. Qd4 Ne2 46. Qxf6+ Bg7 47. Nxg7
Qxg7 48. Qd8+ Qg8 49. Be5# 1-0

[Event "European Blitz 2017"]
[Site "Katowice POL"]
[Date "2017.12.15"]
[Round "10.70"]
[White "Caprino, Marco"]
[Black "Vykouk, Jan"]
[Result "0-1"]
[BlackTitle "FM"]
[WhiteElo "2154"]
[BlackElo "2435"]
[WhiteFideId "841323"]
[BlackFideId "349658"]
[EventDate "2017.12.15"]
[EventType "blitz"]

1. e4 c5 2. Nc3 Nc6 3. f4 g6 4. Nf3 Bg7 5. Bb5 Nd4 6. O-O Nxb5 7. Nxb5 d6 8. d3
a6 9. Nc3 e6 10. Qe1 Ne7 11. Kh1 b5 12. Qh4 Nc6 13. Qf2 Bb7 14. Ne2 Qc7 15. c3
f5 16. Be3 O-O 17. Rae1 Rae8 18. e5 dxe5 19. Bxc5 Rf7 20. fxe5 Nxe5 21. Nxe5
Bxe5 22. Ng3 Bg7 23. d4 e5 24. Re2 e4 25. Ree1 f4 26. Ne2 e3 27. Qh4 f3 28. gxf3
Rxf3 29. Rxf3 Bxf3+ 30. Kg1 Re4 31. Qh3 Rg4+ 32. Kf1 Bg2+ 33. Qxg2 Rxg2 34. Kxg2
Qc6+ 35. Kg1 Qf3 0-1

[Event "European Blitz 2017"]
[Site "Katowice POL"]
[Date "2017.12.15"]
[Round "10.72"]
[White "Roenko, Artur"]
[Black "Ustianovich, Nazar"]
[Result "1-0"]
[BlackTitle "FM"]
[WhiteElo "2167"]
[BlackElo "2366"]
[WhiteFideId "14136732"]
[BlackFideId "14109778"]
[EventDate "2017.12.15"]
[EventType "blitz"]

1. d4 d5 2. c4 c6 3. Nc3 Nf6 4. Nf3 dxc4 5. a4 Bf5 6. e3 e6 7. Bxc4 Bb4 8. O-O
Nbd7 9. Qe2 Bg4 10. h3 Bh5 11. Rd1 Qe7 12. e4 Bxf3 13. Qxf3 e5 14. d5 O-O 15.
Bg5 h6 16. Bh4 a5 17. Ne2 Nb6 18. Bb3 cxd5 19. exd5 e4 20. Qe3 Bc5 21. Bxf6 gxf6
22. Qg3+ Kh8 23. Qf4 Kg7 24. Ng3 Qe5 25. Nf5+ Kg6 26. Qg4+ 1-0

[Event "European Blitz 2017"]
[Site "Katowice POL"]
[Date "2017.12.15"]
[Round "10.73"]
[White "Stojcevski, Zoran"]
[Black "Nasibullin, Iskander"]
[Result "1-0"]
[WhiteTitle "FM"]
[WhiteElo "2337"]
[BlackElo "2088"]
[WhiteFideId "15000192"]
[BlackFideId "34124273"]
[EventDate "2017.12.15"]
[EventType "blitz"]

1. e4 c5 2. Nc3 Nc6 3. f4 g6 4. Nf3 Bg7 5. Bb5 Nd4 6. Nxd4 cxd4 7. Ne2 a6 8. Bd3
e6 9. O-O Ne7 10. b3 d6 11. Bb2 Nc6 12. Qe1 O-O 13. Qf2 e5 14. f5 f6 15. Bc4+
Kh8 16. fxg6 Ne7 17. gxh7 f5 18. exf5 Bxf5 19. Ng3 Bxh7 20. Qe1 d5 21. Bd3 e4
22. Be2 Nc6 23. Nh5 Be5 24. Rxf8+ Qxf8 25. Qh4 Qe7 26. Qh3 Rf8 27. Rf1 Rxf1+ 28.
Bxf1 Qf8 29. Qe6 e3 30. dxe3 Bg7 31. Bd3 Bg8 32. Qg6 Qf7 33. Qxf7 1-0

[Event "European Blitz 2017"]
[Site "Katowice POL"]
[Date "2017.12.15"]
[Round "10.74"]
[White "Schulz, Karsten"]
[Black "Karlik, Ondrej"]
[Result "1-0"]
[WhiteTitle "FM"]
[WhiteElo "2293"]
[BlackElo "2171"]
[WhiteFideId "4611446"]
[BlackFideId "339296"]
[EventDate "2017.12.15"]
[EventType "blitz"]

1. Nf3 g6 2. g3 Bg7 3. Bg2 c6 4. O-O Nf6 5. b3 O-O 6. Bb2 d5 7. c4 Bg4 8. d3 Qc8
9. Nbd2 Bh3 10. Qc2 Bxg2 11. Kxg2 Nbd7 12. Rac1 e6 13. e4 dxe4 14. dxe4 Qc7 15.
c5 Rfd8 16. b4 a5 17. a3 axb4 18. axb4 b6 19. h3 bxc5 20. bxc5 Ra2 21. e5 Nd5
22. Qb3 Ra5 23. Nc4 Nxc5 24. Qc2 Raa8 25. Nd6 Nb7 26. Ne4 c5 27. Nf6+ Nxf6 28.
exf6 Bf8 29. Qe4 Nd6 30. Qe5 Nb5 31. Qe2 Rab8 32. Be5 Bd6 33. Rfd1 Bxe5 34. Nxe5
Rxd1 35. Rxd1 Nd4 36. Qe3 Nf5 37. Qe4 Rd8 38. Ra1 h5 39. Nc6 Rc8 40. Ne5 c4 41.
Rc1 c3 42. Rc2 Qc5 43. g4 hxg4 44. hxg4 Nh4+ 45. Kg3 Rd8 46. Kxh4 Rd5 47. Nf3
Qb5 1-0

[Event "European Blitz 2017"]
[Site "Katowice POL"]
[Date "2017.12.15"]
[Round "10.76"]
[White "Dziodzio, Angelika"]
[Black "Sadzikowski, Daniel"]
[Result "0-1"]
[WhiteTitle "WFM"]
[BlackTitle "GM"]
[WhiteElo "2125"]
[BlackElo "2584"]
[WhiteFideId "1170643"]
[BlackFideId "1132253"]
[EventDate "2017.12.15"]
[EventType "blitz"]

1. e4 c5 2. Nf3 d6 3. d4 cxd4 4. Nxd4 Nf6 5. f3 e5 6. Nb3 Be7 7. c4 a5 8. Nc3 a4
9. Nd2 Qa5 10. Ndb1 O-O 11. Be3 Nc6 12. Be2 Be6 13. O-O Rfc8 14. Na3 Nd4 15. Rc1
Bd8 16. Ncb5 Nxe2+ 17. Qxe2 Be7 18. Rfd1 Ne8 19. Qf2 Qa6 20. Qd2 Rc6 21. Qd3
Rcc8 22. Nb1 Rc6 23. b3 axb3 24. axb3 b6 25. N1c3 Qb7 26. Na4 g6 27. g4 Rac8 28.
Qd2 Nf6 29. Qf2 Nd7 30. Rd2 Nc5 31. Nxc5 bxc5 32. Rcd1 Qb8 33. Ra2 Rb6 34. Rda1
Bd7 35. Nc3 Bc6 36. Ra7 Rc7 37. Rxc7 Qxc7 38. Qa2 Qb8 39. Qa7 Bf8 40. Qxb8 Rxb8
41. Ra3 f5 42. gxf5 gxf5 43. Kf2 fxe4 44. fxe4 Be7 45. Ke2 Kf7 46. Kd3 Ke6 47.
Kc2 Rg8 48. Ra2 Rg2+ 49. Kd3 Rg4 50. Ra6 Be8 51. Ra7 Bg6 52. Ra6 Kf7 53. Ra7 Rh4
54. Nd5 Bxe4+ 55. Ke2 Bxd5 56. cxd5 Rh5 57. Bf2 e4 58. Ke3 Rxd5 59. Kxe4 Re5+
60. Kd3 Ke6 61. Bg3 Rd5+ 62. Kc3 Bf6+ 63. Kc2 h5 64. Rh7 Rf5 65. Rh6 Kd5 66. Rh7
Be5 67. Kd2 Ke4 68. Ke2 Bxg3 69. hxg3 Kd4 70. Rd7 d5 71. Rd6 Kc3 72. Rb6 Re5+
73. Kd1 Re3 74. Rg6 Kxb3 75. Rg5 Kc4 76. Rxh5 Rxg3 77. Kd2 Rg2+ 78. Kd1 Rg7 79.
Rf5 d4 80. Rf3 Rg8 81. Kd2 Rg6 82. Kd1 Rg7 83. Kd2 Rg2+ 84. Kd1 d3 85. Rf5 Kd4 0-1

[Event "European Blitz 2017"]
[Site "Katowice POL"]
[Date "2017.12.15"]
[Round "10.77"]
[White "Pribyl, Josef"]
[Black "Zukauskas, Arnas Povilas"]
[Result "1-0"]
[WhiteTitle "IM"]
[WhiteElo "2263"]
[BlackElo "2082"]
[WhiteFideId "300187"]
[BlackFideId "12808180"]
[EventDate "2017.12.15"]
[EventType "blitz"]

1. e4 d6 2. Nc3 Nf6 3. d3 c5 4. g3 Nc6 5. Bg2 g6 6. h3 Bg7 7. Be3 O-O 8. Qd2 Rb8
9. Bh6 b5 10. Bxg7 Kxg7 11. f4 Nd4 12. g4 b4 13. Nce2 e5 14. f5 h6 15. Nf3 Qe7
16. Ng3 d5 17. O-O dxe4 18. dxe4 Ba6 19. Rfd1 Rfd8 20. Qf2 Rd6 21. fxg6 fxg6 22.
Nh4 Rbd8 23. Rxd4 cxd4 24. Ngf5+ gxf5 25. Nxf5+ Kf7 26. Nxe7 Kxe7 27. Bf1 Nxe4
28. Qe1 Bb7 29. Bg2 Nc5 30. Qxe5+ Ne6 31. Bxb7 1-0

[Event "European Blitz 2017"]
[Site "Katowice POL"]
[Date "2017.12.15"]
[Round "10.78"]
[White "Gayson, Peter M"]
[Black "Kyc, Jerzy"]
[Result "0-1"]
[WhiteElo "2145"]
[BlackElo "2265"]
[WhiteFideId "401838"]
[BlackFideId "1163922"]
[EventDate "2017.12.15"]
[EventType "blitz"]

1. e4 c5 2. Nf3 d6 3. d4 cxd4 4. Nxd4 Nf6 5. Nc3 a6 6. f4 e5 7. Nf3 Nbd7 8. a4
b6 9. Bd3 Bb7 10. O-O Be7 11. Kh1 O-O 12. Qe1 Qc7 13. fxe5 Nxe5 14. Nxe5 dxe5
15. Bg5 Rad8 16. Qe2 a5 17. Rad1 Bc6 18. Bxf6 Bxf6 19. Nd5 Bxd5 20. exd5 Qd6 21.
Qe4 g6 22. c4 Bg7 23. g4 Qb4 24. b3 Qxb3 25. Rb1 Qxa4 26. Rxb6 Qa3 27. Rfb1 f5
28. gxf5 gxf5 29. Qg2 Qxd3 30. Rb7 Rf7 31. Rb8 Rxb8 32. Rxb8+ Rf8 33. Rxf8+ Kxf8
34. h3 e4 35. Qg5 Qf1+ 36. Kh2 Be5+ 0-1